Nam Trân - Một bản sắc thơ trong Thơ mới /

保存先:
書誌詳細
第一著者: Vũ Tuấn Anh.
フォーマット: 論文
言語:Vietnamese
主題:
タグ: タグ追加
タグなし, このレコードへの初めてのタグを付けませんか!
Thư viện lưu trữ: Thư viện Trường Đại học Đà Lạt
LEADER 00760nam a2200277 4500
001 DLU140164177
005 ##20140917
040 # # |a DLU  |b vie 
041 # # |a vie 
044 # # |a vn 
100 # # |a Vũ Tuấn Anh. 
245 # # |a Nam Trân - Một bản sắc thơ trong Thơ mới /  |c Vũ Tuấn Anh. 
653 # # |a Dư luận 
653 # # |a Nhà phê bình 
653 # # |a Nhà thơ 
653 # # |a Sáng tạo 
773 # # |t Nghiên cứu Văn học   |g Số11(501), 2013, tr.59-65 
920 # # |a Phòng Tạp chí -- Trung tâm Thông tin - Thư viện Trường Đại học Đà Lạt 
994 # # |a DLU 
900 # # |a True 
911 # # |a Nguyễn Thị Mai Anh 
925 # # |a G 
926 # # |a A 
927 # # |a BB 
980 # # |a Thư viện Trường Đại học Đà Lạt